00400 a2200145 4500001000700000040002200007041001600029082002200045245002500067260003200092300000700124362001300131490003100144500007900175143771 cLeonardo Da Vinci aPortuguês a372.35 c735bc735 aCOMPORTAMENTO HUMANO bHamburgoc1994aSão Paulo a25 a19940000 aCiências para o 1º grau aEquipe responsável: Antonio de Campos e Rosicler Martins de A. Rodrigues